000 00485cam a22002051 4500
001 sa 64004943
003 DLC
005 20260227112029.0
008 881028s1962 xx 000 0 hino
010 _asa 64004943
035 _a(OCoLC)23579801
040 _aDLC
_cMiU
_dDLC
042 _apremarc
050 0 0 _aPK1718.B2983
_bH3
100 1 _aBanerjee, Hiranmay,
_d1905-
245 1 0 _aHāra mānāle go.
260 _c[1962]
300 _a147 p.
_c22 cm.
500 _aRomanized.
999 _c58841
_d58841